[Event "Team junior-girls chess final 2017"]
[Site "Sochi"]
[Date "2017.05.07"]
[Round "5.2"]
[White "Assaubayeva, Bibisara"]
[Black "Moiseeva, Olesya"]
[Result "1-0"]
[WhiteElo "2224"]
[BlackElo "1687"]
[PlyCount "87"]
[EventDate "2017.05.01"]

1. Nf3 d5 2. d4 Bf5 3. c4 e6 4. Nc3 h6 5. cxd5 exd5 6. Qb3 Nc6 7. Bf4 Bb4 8. e3
Nge7 9. Be2 O-O 10. O-O a6 11. Ne5 Bxc3 12. Qxc3 Nxe5 13. Bxe5 Rc8 14. Qb3 b5
15. Qa3 Ra8 16. Rac1 c6 17. Bd6 Re8 18. Bxe7 Qxe7 19. Qxe7 Rxe7 20. Rxc6 Ree8
21. Rfc1 Rec8 22. Kf1 Bd7 23. Rxc8+ Rxc8 24. Rxc8+ Bxc8 25. Bf3 Bb7 26. Ke2 Kf8
27. Kd3 Ke7 28. e4 dxe4+ 29. Bxe4 Bc8 30. b4 Kd6 31. a3 f5 32. Ba8 g5 33. f4
Be6 34. fxg5 hxg5 35. h3 g4 36. Bb7 Kc7 37. d5 Bd7 38. Ba8 Kb6 39. Kd4 a5 40.
bxa5+ Kxa5 41. Bc6 Bc8 42. d6 b4 43. axb4+ Kxb4 44. d7 1-0

[Event "Team junior-girls chess final 2017"]
[Site "Sochi"]
[Date "2017.05.07"]
[Round "5.2"]
[White "Mikhailova, Yuliya"]
[Black "Bulatova, Kamaliya"]
[Result "0-1"]
[WhiteElo "1771"]
[BlackElo "2009"]
[PlyCount "112"]
[EventDate "2017.05.01"]

1. d4 Nf6 2. c4 g6 3. Nc3 Bg7 4. e4 d6 5. Nf3 O-O 6. Be2 Nbd7 7. O-O e5 8. d5
Nc5 9. Qc2 a5 10. Be3 Nh5 11. Nd2 Nf4 12. Kh1 f5 13. f3 Nh5 14. b3 f4 15. Bf2
Qg5 16. Rfb1 Bh6 17. Nf1 Qe7 18. a3 g5 19. b4 Nd7 20. Na4 Ndf6 21. h3 Ng7 22.
c5 Nge8 23. cxd6 Nxd6 24. Rc1 Nfe8 25. bxa5 Rxa5 26. Nd2 Rf7 27. Nc4 Ra8 28.
Nab2 Bf8 29. Nxd6 Nxd6 30. Nc4 Qf6 31. a4 h5 32. Nxd6 Bxd6 33. Qd1 Rg7 34. Kg1
Qg6 35. Rc4 Kh7 36. a5 Bd7 37. Rb1 Rxa5 38. Rxb7 Rg8 39. Ra7 Rxa7 40. Bxa7 Ra8
41. Bf2 Ra3 42. Kh1 Ra2 43. Kg1 Bb5 44. Rc2 Ba4 45. Bd3 Bxc2 46. Bxc2 Qe8 47.
Bb3 Rb2 48. Bc2 Qa8 49. Bb3 Qa3 50. Bc4 Qc3 51. Bf1 Rxf2 52. Qa4 Qc5 53. Qe8
Kg7 54. Qd7+ Be7 55. d6 Rd2+ 56. Kh2 Qxd6 0-1

[Event "Team junior-girls chess final 2017"]
[Site "Sochi"]
[Date "2017.05.07"]
[Round "5.2"]
[White "Garifullina, Leya"]
[Black "Baisheva, Nyurguiaana"]
[Result "1-0"]
[WhiteElo "2015"]
[BlackElo "1728"]
[PlyCount "67"]
[EventDate "2017.05.01"]

1. e4 c5 2. Nf3 d6 3. Bb5+ Bd7 4. Bxd7+ Nxd7 5. O-O Ngf6 6. Re1 e6 7. c4 Be7 8.
Nc3 O-O 9. d4 cxd4 10. Nxd4 a6 11. b3 Rc8 12. Bb2 Qc7 13. Rc1 Rfd8 14. Qe2 Nb6
15. Kh1 Qd7 16. Rcd1 Bf8 17. h3 Qc7 18. Rc1 Nfd7 19. Nf3 Nc5 20. Qe3 Qb8 21.
Red1 Re8 22. Qg5 h6 23. Qg3 Rcd8 24. Nh2 Nc8 25. Ng4 Kh7 26. Qf3 Be7 27. b4 Nd7
28. Qxf7 Bf6 29. Nxf6+ Nxf6 30. Nd5 Rf8 31. Nxf6+ Kh8 32. Qg6 Rxf6 33. Bxf6 Rd7
34. Qe8+ 1-0

[Event "Team junior-girls chess final 2017"]
[Site "Sochi"]
[Date "2017.05.07"]
[Round "5.2"]
[White "Izbekova, Evdokia"]
[Black "Stepanyan, Eva"]
[Result "1/2-1/2"]
[WhiteElo "1513"]
[BlackElo "1938"]
[PlyCount "116"]
[EventDate "2017.05.01"]

1. e4 e5 2. Nf3 Nc6 3. Bb5 a6 4. Ba4 Nf6 5. O-O Be7 6. d3 b5 7. Bb3 d6 8. a4
Bd7 9. c3 O-O 10. Re1 Na5 11. Bc2 c5 12. Nbd2 Qc7 13. Nf1 Rfe8 14. Ng3 Nc6 15.
h3 b4 16. c4 h6 17. Be3 Rab8 18. b3 Be6 19. Nh2 Nd7 20. Nf3 a5 21. Rf1 Nf8 22.
Nh2 Ng6 23. Nf3 Qd8 24. Qd2 Nd4 25. Bxd4 cxd4 26. Rfd1 Qd7 27. Kh2 Qc8 28. Re1
Bd8 29. Bd1 Bb6 30. Be2 Qd7 31. Bf1 Rbd8 32. Be2 Nf4 33. Bf1 Kh8 34. Ne2 Ng6
35. Ng3 f5 36. exf5 Bxf5 37. Nxf5 Qxf5 38. Qe2 Nf4 39. Qe4 Qxe4 40. Rxe4 Ne6
41. Ree1 Nc5 42. Rab1 Bc7 43. Kg1 Bb8 44. Nd2 Kg8 45. Ne4 Kf7 46. Nxc5 dxc5 47.
Be2 Bd6 48. Bf3 Kf6 49. Bd5 g6 50. Re4 Kg7 51. Rbe1 Rf8 52. f3 Rd7 53. Kf2 Re7
54. Kg3 Rf4 55. Kh2 Rxe4 56. fxe4 Re8 57. Rf1 Rf8 58. Rxf8 Bxf8 1/2-1/2

[Event "Team junior-girls chess final 2017"]
[Site "Sochi"]
[Date "2017.05.07"]
[Round "5.3"]
[White "Vinokur, Yuliya"]
[Black "Tokmakova, Ulyana"]
[Result "1-0"]
[WhiteElo "2233"]
[BlackElo "1315"]
[PlyCount "63"]
[EventDate "2017.05.01"]

1. d4 Nf6 2. c4 e6 3. g3 Be7 4. Bg2 O-O 5. Nf3 d5 6. O-O Nbd7 7. Nc3 Nb6 8. c5
Nbd7 9. b4 c6 10. Rb1 b6 11. Qa4 Bb7 12. Bd2 Qc8 13. Rfc1 Ba6 14. Qc2 Bc4 15.
e4 b5 16. e5 Ne8 17. h4 h5 18. Bh3 g6 19. g4 Kh8 20. gxh5 gxh5 21. Kh1 Rg8 22.
Rg1 Ng7 23. Bg5 Qe8 24. Qd2 Kh7 25. Bxe7 Qxe7 26. Ng5+ Kg6 27. Nxe6+ Kh7 28.
Ng5+ Kg6 29. Qc2+ f5 30. exf6+ Kxf6 31. Nh7+ Kf7 32. Qg6# 1-0

[Event "Team junior-girls chess final 2017"]
[Site "Sochi"]
[Date "2017.05.07"]
[Round "5.3"]
[White "Zelenskaya, Anastasiya"]
[Black "Mironenko, Galina"]
[Result "0-1"]
[WhiteElo "1738"]
[BlackElo "1949"]
[PlyCount "60"]
[EventDate "2017.05.01"]

1. e4 c5 2. Nf3 d6 3. d3 Nc6 4. g3 Nf6 5. Bg2 g6 6. O-O Bg7 7. Re1 O-O 8. c3
Rb8 9. d4 cxd4 10. cxd4 e5 11. dxe5 dxe5 12. Nc3 Bg4 13. h3 Bxf3 14. Bxf3 Nd4
15. Bg2 Qd7 16. Nd5 Nxd5 17. exd5 Rbc8 18. Rb1 Rfd8 19. Be3 Nc2 20. Bxa7 Nxe1
21. Qxe1 Qa4 22. Bb6 Rd6 23. b3 Qxa2 24. Ba5 f5 25. Rc1 Rxc1 26. Qxc1 Qxa5 27.
Qc8+ Qd8 28. Qxb7 Rb6 29. Qa7 Rxb3 30. d6 Rd3 0-1

[Event "Team junior-girls chess final 2017"]
[Site "Sochi"]
[Date "2017.05.07"]
[Round "5.3"]
[White "Shamsutdinova, Karina"]
[Black "Lintsova, Liliya"]
[Result "0-1"]
[WhiteElo "1617"]
[BlackElo "1528"]
[PlyCount "84"]
[EventDate "2017.05.01"]

1. d4 d5 2. c4 c6 3. Nf3 Nf6 4. e3 Bg4 5. Nc3 e6 6. Bd3 Bb4 7. Bd2 O-O 8. O-O
Nbd7 9. b3 e5 10. Be2 Re8 11. Nxe5 Bxe2 12. Nxe2 Bxd2 13. Qxd2 Nxe5 14. dxe5
Rxe5 15. Qc3 Re7 16. Nd4 Ne4 17. Qb2 f6 18. Rfd1 Rd7 19. Ne6 Qe7 20. cxd5 Rxd5
21. Rxd5 cxd5 22. Nf4 Rd8 23. Qd4 Qe5 24. Rd1 Qxd4 25. Rxd4 Nc3 26. a4 g5 27.
Rd3 Rc8 28. Nh5 Ne4 29. g4 Rc1+ 30. Kg2 Rc2 31. Rxd5 Rxf2+ 32. Kg1 Re2 33. Rd8+
Kf7 34. Rd7+ Ke6 35. Rxb7 Rxe3 36. Ng7+ Ke5 37. Nh5 Kd4 38. b4 Rb3 39. b5 Ke3
40. Re7 Kf3 41. Rxe4 Rb1+ 42. Re1 Rxe1# 0-1

[Event "Team junior-girls chess final 2017"]
[Site "Sochi"]
[Date "2017.05.07"]
[Round "5.3"]
[White "Asatryan, Maria"]
[Black "Nikulina, Anastasiya"]
[Result "1/2-1/2"]
[WhiteElo "1349"]
[BlackElo "1562"]
[PlyCount "81"]
[EventDate "2017.05.01"]

1. d4 Nf6 2. Nf3 g6 3. c4 Bg7 4. g3 O-O 5. Bg2 d6 6. O-O Nc6 7. b3 Bg4 8. Bb2
Bxf3 9. Bxf3 Nd7 10. Qd2 e5 11. d5 Ne7 12. Nc3 f5 13. e4 f4 14. Qe2 Nf6 15. g4
g5 16. Bg2 Ng6 17. f3 Qd7 18. Rac1 h5 19. h3 Kf7 20. Kf2 Rh8 21. Rh1 hxg4 22.
hxg4 Rxh1 23. Rxh1 Rh8 24. Rxh8 Bxh8 25. Ke1 Qc8 26. Qf2 b6 27. Qg1 Nd7 28. Qh1
Nh4 29. Kd2 Qa6 30. Qf1 Nc5 31. Bh1 Qa5 32. Kc2 Qa6 33. Qe2 Qb7 34. Qf2 a6 35.
Qe2 Qc8 36. Qf2 Qf8 37. Qh2 Qh6 38. Qh3 Bg7 39. Bc1 Ke7 40. Bd2 Nd7 41. Kc1
1/2-1/2

[Event "Team junior-girls chess final 2017"]
[Site "Sochi"]
[Date "2017.05.07"]
[Round "5.4"]
[White "Ilyina, Lada"]
[Black "Vyrtosu, Natalia"]
[Result "1/2-1/2"]
[WhiteElo "1670"]
[BlackElo "1871"]
[PlyCount "88"]
[EventDate "2017.05.01"]

1. d4 d5 2. Nf3 Nf6 3. e3 Bf5 4. Bd3 Bg6 5. b3 e6 6. Bb2 Bd6 7. c4 c6 8. O-O
Nbd7 9. Qe2 Ne4 10. Nbd2 f5 11. Ne5 Ndf6 12. f3 Ng5 13. cxd5 exd5 14. h4 Ne6
15. Bxf5 Bxf5 16. e4 dxe4 17. fxe4 Bxe4 18. Nxe4 O-O 19. Nxf6+ Rxf6 20. Qc4
Bxe5 21. dxe5 Rxf1+ 22. Rxf1 Qd5 23. Qg4 Rd8 24. h5 Qc5+ 25. Kh1 Qe7 26. h6 Rd2
27. Ba3 c5 28. hxg7 Rd4 29. Qf3 Rf4 30. Qd3 Rxf1+ 31. Qxf1 Qh4+ 32. Kg1 Qd4+
33. Kh1 Qxe5 34. Qb5 Qe1+ 35. Kh2 Qh4+ 36. Kg1 Qe7 37. Bb2 Nxg7 38. Qc4+ Ne6
39. Qc3 Nd4 40. Qg3+ Kf7 41. Qf4+ Qf6 42. Qc7+ Kg6 43. Qg3+ Kf5 44. Qh3+ Kg6
1/2-1/2

[Event "Team junior-girls chess final 2017"]
[Site "Sochi"]
[Date "2017.05.07"]
[Round "5.4"]
[White "Girshgorn, Maria"]
[Black "Strukova, Ksenia"]
[Result "1-0"]
[WhiteElo "1813"]
[BlackElo "1762"]
[PlyCount "83"]
[EventDate "2017.05.01"]

1. d4 d5 2. Nf3 Nf6 3. c4 e6 4. Nc3 a6 5. cxd5 exd5 6. Bg5 Be6 7. e3 Nbd7 8.
Bd3 h6 9. Bh4 g5 10. Bg3 Nh5 11. Rc1 c6 12. a3 Nxg3 13. hxg3 Bd6 14. Na4 Qf6
15. Qb3 Rb8 16. Qc3 Bg4 17. Nd2 O-O 18. b4 Rbe8 19. O-O Bf5 20. Nc5 Bxc5 21.
bxc5 h5 22. Bxf5 Qxf5 23. Qc2 Qg4 24. Qd1 Qf5 25. Rb1 Rb8 26. Qf3 Qg6 27. e4
dxe4 28. Qxe4 f5 29. Qc2 Nf6 30. Rfe1 Rfd8 31. Qc4+ Qf7 32. Qd3 Qg6 33. Nc4 Ne4
34. Ne5 Qf6 35. Qe3 Qg7 36. Rb4 Nf6 37. Qb3+ Kh7 38. Nxc6 bxc6 39. Rxb8 Rd7 40.
Qe6 Kg6 41. Re5 Rb7 42. Qxf5+ 1-0

[Event "Team junior-girls chess final 2017"]
[Site "Sochi"]
[Date "2017.05.07"]
[Round "5.4"]
[White "Granovskaya, Ekaterina"]
[Black "Bondareva, Daria"]
[Result "1/2-1/2"]
[WhiteElo "1741"]
[BlackElo "1778"]
[PlyCount "73"]
[EventDate "2017.05.01"]

1. e4 d5 2. exd5 Qxd5 3. Nf3 Nf6 4. d4 Bg4 5. Be2 Nc6 6. Be3 O-O-O 7. Nbd2 Qf5
8. c4 e5 9. d5 Nb4 10. O-O Nc2 11. Nh4 Bxe2 12. Nxf5 Bxd1 13. Raxd1 Nxe3 14.
Nxe3 Nd7 15. Ne4 f6 16. a3 a5 17. Rb1 a4 18. Rfd1 Nc5 19. f3 b6 20. Kf2 Nxe4+
21. fxe4 Bc5 22. Ke2 Bxe3 23. Kxe3 Kd7 24. b4 axb3 25. Rxb3 Kd6 26. Kd3 Ra8 27.
Kc3 Ra4 28. Ra1 Rha8 29. Kd3 R8a5 30. Rc3 Kc5 31. Ra2 Kd6 32. Ra1 Ke7 33. Ra2
Kd6 34. Ra1 Kc5 35. Ra2 Kd6 36. Ra1 Kc5 37. Ra2 1/2-1/2

[Event "Team junior-girls chess final 2017"]
[Site "Sochi"]
[Date "2017.05.07"]
[Round "5.4"]
[White "Kasaeva, Sofiia"]
[Black "Nur-Mukhametova, Alisa"]
[Result "1-0"]
[WhiteElo "1661"]
[BlackElo "1699"]
[PlyCount "59"]
[EventDate "2017.05.01"]

1. e4 e6 2. d4 d5 3. Nd2 c5 4. exd5 Qxd5 5. Ngf3 cxd4 6. Bc4 Qd6 7. O-O Nc6 8.
Nb3 Nf6 9. Nbxd4 Nxd4 10. Nxd4 a6 11. c3 Bd7 12. Qe2 O-O-O 13. Be3 Qc7 14. b4
Bd6 15. h3 Rhg8 16. b5 a5 17. b6 Qb8 18. Bb5 Rde8 19. Rfd1 g5 20. Bxd7+ Nxd7
21. Nb5 Be5 22. Qd2 Re7 23. Na7+ Kd8 24. Bc5 Rge8 25. Bxe7+ Rxe7 26. Qxg5 Ke8
27. Qg8+ Nf8 28. Rd3 f5 29. Rad1 Bg7 30. Nb5 1-0

[Event "Team junior-girls chess final 2017"]
[Site "Sochi"]
[Date "2017.05.08"]
[Round "6.1"]
[White "Podgornova, Anna"]
[Black "Vyrtosu, Natalia"]
[Result "0-1"]
[WhiteElo "1708"]
[BlackElo "1871"]
[PlyCount "46"]
[EventDate "2017.05.01"]

1. d4 d5 2. c4 c6 3. Nf3 Nf6 4. Nc3 dxc4 5. e3 Bf5 6. Bxc4 e6 7. O-O Nbd7 8.
Qe2 Nb6 9. Bb3 Ne4 10. Ne5 Bb4 11. Nxe4 Bxe4 12. Qg4 Bg6 13. d5 Bd6 14. Nxg6
hxg6 15. dxe6 Bxh2+ 16. Kh1 Be5+ 17. Kg1 Bh2+ 18. Kh1 Rh4 19. exf7+ Kf8 20.
Qxg6 Bg3+ 21. Kg1 Rh1+ 22. Kxh1 Qh4+ 23. Kg1 Qh2# 0-1

[Event "Team junior-girls chess final 2017"]
[Site "Sochi"]
[Date "2017.05.08"]
[Round "6.1"]
[White "Girshgorn, Maria"]
[Black "Lysokon, Polina"]
[Result "1/2-1/2"]
[WhiteElo "1813"]
[BlackElo "1610"]
[PlyCount "126"]
[EventDate "2017.05.01"]

1. d4 g6 2. c4 Bg7 3. Nf3 d6 4. g3 Nd7 5. Bg2 e5 6. e3 Ne7 7. Nc3 O-O 8. O-O
exd4 9. exd4 Nb6 10. b3 a5 11. Bb2 Bd7 12. Qd2 Bf5 13. Nh4 c6 14. Nxf5 Nxf5 15.
d5 c5 16. Nb5 Bxb2 17. Qxb2 a4 18. Bh3 Ng7 19. Rfe1 Re8 20. Rxe8+ Nxe8 21. Re1
axb3 22. axb3 Nd7 23. Bxd7 Qxd7 24. Kg2 Qd8 25. Qe2 Kf8 26. Qf3 Ra6 27. Qf4 Kg7
28. g4 Nf6 29. Re3 Qd7 30. h3 Rb6 31. Rf3 Qe7 32. Re3 Qd7 33. Qf3 h6 34. Rd3
Qe7 35. Qe3 Qxe3 36. fxe3 Ne4 37. Kf3 f5 38. gxf5 gxf5 39. Rd1 Kf6 40. Kg2 Ra6
41. Kg1 Ra2 42. Rb1 Re2 43. b4 cxb4 44. Rxb4 Rxe3 45. Nd4 Nc5 46. Kg2 Re7 47.
Rb6 Ne4 48. Ne6 Ke5 49. Rb2 Ng5 50. Nd8 Kd4 51. Nxb7 f4 52. Nxd6 f3+ 53. Kf2
Kd3 54. h4 Ne4+ 55. Nxe4 Rxe4 56. Kxf3 Rxc4 57. Kg3 Rd4 58. Rb5 Kc4 59. Ra5
Rxd5 60. Rxd5 Kxd5 61. Kg4 Ke5 62. Kh5 Kf5 63. Kxh6 Kf6 1/2-1/2

[Event "Team junior-girls chess final 2017"]
[Site "Sochi"]
[Date "2017.05.08"]
[Round "6.1"]
[White "Surovtseva, Alisa"]
[Black "Bondareva, Daria"]
[Result "1/2-1/2"]
[WhiteElo "1588"]
[BlackElo "1778"]
[PlyCount "80"]
[EventDate "2017.05.01"]

1. e4 e5 2. Nf3 Nc6 3. Bb5 a6 4. Ba4 Nf6 5. O-O b5 6. Bb3 Be7 7. d4 d6 8. c3
O-O 9. h3 Bb7 10. Re1 h6 11. Nbd2 Nh7 12. Nf1 Ng5 13. N1h2 Nxf3+ 14. Nxf3 Bf6
15. a4 Re8 16. Qd3 Na5 17. Bc2 Bc6 18. b4 Nb7 19. Bb2 Qe7 20. d5 Bd7 21. c4
bxa4 22. Bxa4 Bxa4 23. Rxa4 a5 24. Rea1 Qf8 25. Bc3 axb4 26. Bxb4 Rxa4 27. Rxa4
Ra8 28. Qa3 Rxa4 29. Qxa4 Nc5 30. Bxc5 dxc5 31. Qc6 Qe7 32. Nd2 Qd6 33. Qxd6
cxd6 34. g3 Kf8 35. Kg2 Bg5 36. Nb3 Bd8 37. f4 f6 38. Kf3 Kf7 39. f5 Ke8 40. g4
Kf7 1/2-1/2

[Event "Team junior-girls chess final 2017"]
[Site "Sochi"]
[Date "2017.05.08"]
[Round "6.1"]
[White "Kasaeva, Sofiia"]
[Black "Tolstykh, Arina"]
[Result "1-0"]
[WhiteElo "1661"]
[BlackElo "1439"]
[PlyCount "49"]
[EventDate "2017.05.01"]

1. e4 c5 2. Nf3 Nc6 3. d4 cxd4 4. Nxd4 Nf6 5. Nc3 e5 6. Nxc6 bxc6 7. Bd3 Bb4 8.
O-O Bxc3 9. bxc3 O-O 10. Bg5 h6 11. Bh4 d5 12. Qe2 Re8 13. Rad1 Qe7 14. exd5
cxd5 15. Bb5 Rd8 16. Bc6 Bg4 17. Qxg4 Rac8 18. Bxf6 Qxf6 19. Bxd5 Rxc3 20. Bb3
Rc6 21. Rxd8+ Qxd8 22. Rd1 Rd6 23. Rxd6 Qxd6 24. Qf3 Qd7 25. Qd5 1-0

[Event "Team junior-girls chess final 2017"]
[Site "Sochi"]
[Date "2017.05.08"]
[Round "6.2"]
[White "Tokmakova, Ulyana"]
[Black "Ilyina, Lada"]
[Result "0-1"]
[WhiteElo "1315"]
[BlackElo "1670"]
[PlyCount "54"]
[EventDate "2017.05.01"]

1. Nf3 d5 2. d4 Nf6 3. c4 c6 4. e3 e6 5. Nc3 Nbd7 6. a3 Bd6 7. Bd3 dxc4 8. Bxc4
b5 9. Bd3 a6 10. O-O c5 11. Ne4 Be7 12. dxc5 Nxc5 13. Nxc5 Bxc5 14. b4 Be7 15.
Bb2 Bb7 16. Nd4 Qd5 17. f3 Rd8 18. e4 Qg5 19. Qe2 Nh5 20. g3 Nf4 21. Qc2 e5 22.
Nf5 Nxd3 23. h4 Qf6 24. Qc7 Bc8 25. Rfd1 Bxf5 26. exf5 Nxb2 27. Rxd8+ Bxd8 0-1

[Event "Team junior-girls chess final 2017"]
[Site "Sochi"]
[Date "2017.05.08"]
[Round "6.2"]
[White "Strukova, Ksenia"]
[Black "Zelenskaya, Anastasiya"]
[Result "0-1"]
[WhiteElo "1762"]
[BlackElo "1738"]
[PlyCount "66"]
[EventDate "2017.05.01"]

1. e4 c5 2. Nf3 Nc6 3. d4 cxd4 4. Nxd4 g6 5. c4 Nf6 6. Nc3 Nxd4 7. Qxd4 d6 8.
f3 Bg7 9. Be3 O-O 10. Qd2 Nd7 11. Be2 a5 12. O-O Nc5 13. Rfd1 Be6 14. b3 Qb6
15. Rab1 Rfc8 16. Qc1 Be5 17. a3 Qc6 18. Nd5 Bxd5 19. exd5 Qd7 20. Bd4 Bxd4+
21. Rxd4 a4 22. Qh6 Qf5 23. Rbd1 axb3 24. Rh4 g5 25. Rg4 f6 26. f4 Qg6 27. fxg5
Qxh6 28. gxh6+ Kh8 29. Rg3 Rxa3 30. Rb1 Rca8 31. Bg4 Ra1 32. Rxa1 Rxa1+ 33. Kf2
Ne4+ 0-1

[Event "Team junior-girls chess final 2017"]
[Site "Sochi"]
[Date "2017.05.08"]
[Round "6.2"]
[White "Lintsova, Liliya"]
[Black "Granovskaya, Ekaterina"]
[Result "0-1"]
[WhiteElo "1528"]
[BlackElo "1741"]
[PlyCount "98"]
[EventDate "2017.05.01"]

1. e4 e5 2. Nf3 Nc6 3. Nc3 g6 4. Bc4 Bg7 5. d3 Nf6 6. O-O d6 7. Bg5 Be6 8. Nd5
h6 9. Bd2 Qd7 10. a4 Ne7 11. Nxf6+ Bxf6 12. Ba2 g5 13. c3 O-O-O 14. Be3 Kb8 15.
d4 Bxa2 16. Rxa2 Bg7 17. d5 f5 18. Qc2 f4 19. Bc1 Bf6 20. b4 g4 21. Ne1 f3 22.
g3 c6 23. c4 Rc8 24. Qb1 cxd5 25. cxd5 Bg5 26. Nd3 Qe8 27. Rd1 Qg6 28. Re1 Bxc1
29. Nxc1 Nxd5 30. Rb2 Nc3 31. Qd3 Nxa4 32. Rd2 Rhd8 33. Qb5 Nc3 34. Qd3 Nxe4
35. Rc2 Rxc2 36. Qxc2 d5 37. Nb3 Qb6 38. Rc1 a6 39. Na5 Ka7 40. Qb2 Rd7 41. Rc2
d4 42. Nc4 Qb5 43. Rc1 Nc3 44. Na3 Qe2 45. Qc2 Qxc2 46. Rxc2 d3 47. Rd2 e4 48.
Nc4 Rd4 49. Ne3 Rxb4 0-1

[Event "Team junior-girls chess final 2017"]
[Site "Sochi"]
[Date "2017.05.08"]
[Round "6.2"]
[White "Nur-Mukhametova, Alisa"]
[Black "Asatryan, Maria"]
[Result "1-0"]
[WhiteElo "1699"]
[BlackElo "1349"]
[PlyCount "43"]
[EventDate "2017.05.01"]

1. e4 c5 2. Nf3 d6 3. d4 cxd4 4. Nxd4 Nf6 5. Nc3 g6 6. Be3 Bg7 7. f3 Nc6 8. Qd2
O-O 9. g4 Bd7 10. h4 a6 11. h5 Nxd4 12. Bxd4 b5 13. Nd5 e6 14. Bb6 Qb8 15. Bc7
Qb7 16. Ne7+ Kh8 17. O-O-O Qxc7 18. h6 Bxh6 19. Qxh6 Rfe8 20. g5 Nh5 21. Rxh5
gxh5 22. Qf6# 1-0

[Event "Team junior-girls chess final 2017"]
[Site "Sochi"]
[Date "2017.05.08"]
[Round "6.3"]
[White "Moiseeva, Olesya"]
[Black "Vinokur, Yuliya"]
[Result "0-1"]
[WhiteElo "1687"]
[BlackElo "2233"]
[PlyCount "70"]
[EventDate "2017.05.01"]

1. e4 g6 2. d4 Bg7 3. Nc3 d6 4. Be3 a6 5. Be2 b5 6. a3 Bb7 7. Qd2 Nd7 8. f3 Rc8
9. a4 b4 10. Na2 c5 11. Nh3 a5 12. dxc5 Nxc5 13. Bb5+ Bc6 14. Bxc5 dxc5 15.
Qxd8+ Kxd8 16. O-O-O+ Kc7 17. Bxc6 Kxc6 18. Kb1 Nf6 19. Nc1 Nd7 20. Nb3 Ra8 21.
Rd2 Nb6 22. Rhd1 Nxa4 23. Rd7 Nxb2 24. R1d5 Na4 25. Kc1 Nb6 26. Rxe7 Nxd5 27.
exd5+ Kxd5 28. Rxf7 Bh6+ 29. f4 a4 30. Nd2 a3 31. Nb3 c4 32. Na1 Raf8 33. Rd7+
Kc6 34. Rd4 Bg7 35. Rxc4+ Kb5 0-1

[Event "Team junior-girls chess final 2017"]
[Site "Sochi"]
[Date "2017.05.08"]
[Round "6.3"]
[White "Mironenko, Galina"]
[Black "Mikhailova, Yuliya"]
[Result "1-0"]
[WhiteElo "1949"]
[BlackElo "1771"]
[PlyCount "67"]
[EventDate "2017.05.01"]

1. Nf3 d5 2. g3 c6 3. Bg2 Bg4 4. O-O Nd7 5. d4 e6 6. Nbd2 Ngf6 7. Qe1 Be7 8. e4
dxe4 9. Nxe4 O-O 10. Nxf6+ Nxf6 11. c3 Qb6 12. Ne5 Bf5 13. Qe2 Rfd8 14. g4 Bg6
15. h4 h6 16. Nxg6 fxg6 17. Qxe6+ Kf8 18. g5 hxg5 19. hxg5 Rd6 20. Qh3 Ng8 21.
Bf4 Rdd8 22. Qe6 c5 23. Qxb6 axb6 24. dxc5 Bxc5 25. Bxb7 Ra7 26. Be4 Ne7 27. b4
Bd6 28. Be3 Bc7 29. a4 Ra6 30. c4 Nf5 31. c5 bxc5 32. Bxc5+ Ke8 33. Rfe1 Re6
34. Bxf5 1-0

[Event "Team junior-girls chess final 2017"]
[Site "Sochi"]
[Date "2017.05.08"]
[Round "6.3"]
[White "Baisheva, Nyurguiaana"]
[Black "Nasybullina, Dayana"]
[Result "0-1"]
[WhiteElo "1728"]
[BlackElo "1786"]
[PlyCount "144"]
[EventDate "2017.05.01"]

1. e4 e6 2. d4 d5 3. Nd2 dxe4 4. Nxe4 Nd7 5. Nf3 Ngf6 6. Nxf6+ Nxf6 7. c3 Be7
8. Bb5+ Bd7 9. Bc4 Bc6 10. O-O O-O 11. Bf4 Bd5 12. Bxd5 Nxd5 13. Be5 Bd6 14.
Re1 Re8 15. Qc2 f6 16. Bxd6 cxd6 17. Rad1 Rc8 18. h3 Kh8 19. Qe4 f5 20. Qd3 Qf6
21. Qd2 h6 22. Kh1 g5 23. Nh2 h5 24. g3 Rc7 25. Nf3 g4 26. Nh4 gxh3 27. Kh2 Rg7
28. Qe2 Rg4 29. f3 Rg7 30. c4 Nf4 31. Qe3 Ng2 32. Nxg2 hxg2 33. Rd2 h4 34. Rxg2
hxg3+ 35. Kg1 f4 36. Qe4 Rh7 37. Kf1 Rh1+ 38. Ke2 Rxe1+ 39. Kxe1 Re7 40. Kd2
Rh7 41. Kc3 Rh2 42. Rg1 e5 43. d5 Qd8 44. b4 Qb6 45. c5 Qa6 46. Qb1 Qe2 47. Qd3
Qb2+ 48. Kc4 Rc2+ 49. Kb5 a6+ 50. Ka5 dxc5 51. b5 c4 52. Rh1+ Rh2 53. Qb1 Qxb1
54. Rxb1 Rd2 55. bxa6 Rxd5+ 56. Kb4 bxa6 57. Kxc4 Rd2 58. a4 g2 59. Rg1 e4 60.
fxe4 f3 61. Kc3 Rf2 62. Rd1 Rf1 63. Rd8+ Kg7 64. Rd7+ Kf6 65. Rd6+ Ke5 66. Rd5+
Kxe4 67. Rg5 g1=Q 68. Rxg1 Rxg1 69. Kc4 f2 70. Kc5 f1=Q 71. Kb6 Rg6+ 72. Ka5
Qe1# 0-1

[Event "Team junior-girls chess final 2017"]
[Site "Sochi"]
[Date "2017.05.08"]
[Round "6.3"]
[White "Shamsutdinova, Karina"]
[Black "Izbekova, Evdokia"]
[Result "1-0"]
[WhiteElo "1617"]
[BlackElo "1513"]
[PlyCount "95"]
[EventDate "2017.05.01"]

1. d4 Nf6 2. c4 e6 3. Nf3 b6 4. g3 Bb7 5. Bg2 c5 6. e3 d5 7. Ne5 Bd6 8. Qa4+
Nbd7 9. Nxd7 Qxd7 10. Qxd7+ Kxd7 11. dxc5 Bxc5 12. Nc3 Kd6 13. a3 a5 14. b3 Bc6
15. Rb1 dxc4 16. Nb5+ Kd7 17. Bxc6+ Kxc6 18. bxc4 Ne4 19. Bb2 f6 20. Ke2 Nd6
21. Nxd6 Kxd6 22. Rhd1+ Kc6 23. Bd4 Bxd4 24. exd4 Rhd8 25. Rb2 Rab8 26. Ke3 e5
27. d5+ Kc5 28. Rc1 Kd6 29. Rcb1 Kc5 30. Kd3 Rdc8 31. Rb5+ Kd6 32. Rxb6+ Rxb6
33. Rxb6+ Kd7 34. Rb5 Ra8 35. c5 Kc7 36. d6+ Kc6 37. Kc4 Ra6 38. Rb8 Ra7 39.
Rb6+ Kd7 40. Kd5 a4 41. c6+ Kc8 42. d7+ Kc7 43. Rb7+ Rxb7 44. cxb7 Kxd7 45.
b8=Q e4 46. Qb7+ Ke8 47. Ke6 e3 48. Qe7# 1-0

[Event "Team junior-girls chess final 2017"]
[Site "Sochi"]
[Date "2017.05.08"]
[Round "6.4"]
[White "Yakimova, Mariya"]
[Black "Assaubayeva, Bibisara"]
[Result "0-1"]
[WhiteElo "1808"]
[BlackElo "2224"]
[PlyCount "86"]
[EventDate "2017.05.01"]

1. e4 c5 2. Nf3 d6 3. d4 cxd4 4. Nxd4 Nf6 5. Nc3 a6 6. Bc4 e6 7. Bb3 Nbd7 8.
O-O Nc5 9. Re1 Be7 10. f3 O-O 11. Be3 Qc7 12. Qd2 b5 13. Rad1 Bd7 14. a3 Nxb3
15. Nxb3 a5 16. Ne2 d5 17. Bg5 Bc6 18. exd5 Bxd5 19. Nbd4 h6 20. Be3 b4 21. a4
Rfd8 22. Nb5 Qb7 23. Qc1 e5 24. c4 bxc3 25. Nexc3 Bb3 26. Rxd8+ Rxd8 27. Bf2
Nd7 28. f4 Nc5 29. Bxc5 Bxc5+ 30. Kh1 exf4 31. Qxf4 Bb4 32. Nd4 Bxa4 33. Nf5
Bc2 34. Ne3 Bg6 35. h3 Rd2 36. Ned5 Rxd5 37. Re8+ Kh7 38. Nxd5 Qxd5 39. Qf1 Be4
40. Qe2 f5 41. Rc8 Bd6 42. Kg1 Qd4+ 43. Kh1 Qe5 0-1

[Event "Team junior-girls chess final 2017"]
[Site "Sochi"]
[Date "2017.05.08"]
[Round "6.4"]
[White "Bulatova, Kamaliya"]
[Black "Tukaeva, Aida"]
[Result "1-0"]
[WhiteElo "2009"]
[BlackElo "1852"]
[PlyCount "63"]
[EventDate "2017.05.01"]

1. d4 Nf6 2. Bf4 d5 3. e3 e6 4. Nf3 Be7 5. Nbd2 Nbd7 6. Ne5 c5 7. c3 a6 8. Bd3
O-O 9. Qf3 cxd4 10. exd4 Re8 11. Qh3 Nf8 12. O-O N6d7 13. Qg3 Bf6 14. Ng4 Kh8
15. Nf3 b5 16. Nxf6 Nxf6 17. Ne5 Kg8 18. Bh6 Ng6 19. Bg5 Nh5 20. Qf3 Nf6 21.
Ng4 Rf8 22. Nxf6+ gxf6 23. Bxf6 Qc7 24. Qh5 Qf4 25. Be5 Qh4 26. Bxg6 Qxh5 27.
Bxh5 f6 28. Bd6 Rd8 29. Be7 Rd7 30. Bxf6 Rb7 31. Rae1 Bd7 32. Re3 1-0